01005nam a2200253Ia 4500952009500000999001900095005001700114008004100131020001500172050001800187082001900205100003600224245006300260260003000323300002300353500004600376504003000422505016200452519004400614650002200658650003000680650003400710942000700744 00104070a01b01d2018-03-15l0o345.72 C7449tp01 014289r2018-03-15t1w2018-03-15yLB c102866d10286620231102152045.0120626s2011 mx r 000 0 spa d a9709849069 4aK5015.4 bC78 4a345.72 bC749t1 aCruz y Cruz, Elbaeautor91636010aTeoría de la ley penal y del delitoc / Elba Cruz y Cruz3 aMéxicob : IUREc, 2011 axix, 282 páginas aIncluye: índice de materia (pp.271-282) abibliografia (pp.255-270) aDerecho penal y ley penal El delito Elementos del delito que sustentan la responsabilidad personal La punibilidad Sistemas doctrinales relacionados al delito aMaterial Complementario / d(01 014289)14aDELITO (TEORÍA)14aTEORÍA DEL DERECHO935614aDERECHO PENAL MÉXICO916214 cLB